000 00456nam a2200181Ia 4500
005 20250317123439.0
008 008 250317s9999 xx 000 0 eng d
037 _aTextbook
040 _aFMSL
_beng
_cFMSL
041 _aeng
_2eng
084 _aX L1
_qFMSL
100 _aBaumol W J
245 0 _aEconomic dynamics
260 _aNY
_bNY, Macmillan
_c1971
300 _a472p
942 _cTB
_hX L1
999 _c1251284
_d1251284